Teoretické a praktické aspekty novej (znalostnej) ekonomiky záverečná správa za celú dobu riešenia projektu VEGA č. 1/0478/08 (VEGA 218)

Salvato in:
Dettagli Bibliografici
Autore principale: Piovarčiová, Veronika, 1951-
Ente Autore: Národohospodárska fakulta EU. Katedra ekonómie
Altri autori: Brinčíková, Zuzana, 1979-, Čaplánová, Anetta, 1967-, Darmo, Ľubomír, 1984-, Dováľová, Gabriela, 1982-, Ferenc, Peter, Gonda, Vladimír, Hontyová, Kajetána, Ivanová, Pavlína, Lennerová, Ivana, 1979-, Martincová, Marta, 1955-, Matoušková, Eleonóra, 1962-, Muchová, Eva, 1961-, Poláčková, Hana, 1968-, Sobotová, Anna, Šustr, Martin, 1980-
Natura: Libro
Lingua:slovacco
Pubblicazione: Bratislava 2010
Soggetti:
Tags: Aggiungi Tag
Nessun Tag, puoi essere il primo ad aggiungerne!!

MARC

LEADER 00000nam a2200000 4500
001 0124976
005 20240506134322.6
041 0 |a slo 
044 |a SK 
245 1 0 |a Teoretické a praktické aspekty novej (znalostnej) ekonomiky  |b záverečná správa za celú dobu riešenia projektu VEGA č. 1/0478/08 (VEGA 218)  |c vedúca projektu Veronika Piovarčiová 
264 1 |a Bratislava  |c 2010 
300 |a [80] s. 
610 2 0 |a ekonomika nová 
610 2 0 |a ekonomika vedomostná 
100 1 |a Piovarčiová, Veronika, 1951- 
700 1 |a Brinčíková, Zuzana, 1979- 
700 1 |a Čaplánová, Anetta, 1967- 
700 1 |a Darmo, Ľubomír, 1984- 
700 1 |a Dováľová, Gabriela, 1982- 
700 1 |a Ferenc, Peter 
700 1 |a Gonda, Vladimír 
700 1 |a Hontyová, Kajetána 
700 1 |a Ivanová, Pavlína 
700 1 |a Lennerová, Ivana, 1979- 
700 1 |a Martincová, Marta, 1955- 
700 1 |a Matoušková, Eleonóra, 1962- 
700 1 |a Muchová, Eva, 1961- 
700 1 |a Poláčková, Hana, 1968- 
700 1 |a Sobotová, Anna 
700 1 |a Šustr, Martin, 1980- 
710 2 |a Národohospodárska fakulta EU. Katedra ekonómie